000
00315nam a2200133Ia 4500
008
100328s9999 xx 000 0 und d
082
_b
16169
100
_a
Venner R.C.
245
_a
Swimming For All
260
_b
G.Bell & Sons Ltd.
630
_a
Swimming For All
730
_a
Swimming For All
942
_c
BOOK
999
_c
510889
_d
510886